Statistics for Largest and Smallest Country/US State by Containing Letter

Click here to take the quiz!

General Stats

  • This quiz has been taken 59 times
  • The average score is 47 of 52

Answer Stats

Country % Correct
Vatican City
98%
Brazil
98%
Canada
98%
China
98%
Russia
98%
United States
96%
Nauru
96%
Japan
96%
Kazakhstan
93%
San Marino
93%
Qatar
93%
Mexico
93%
Palau
91%
Argentina
91%
Federated States of Micronesia
89%
Monaco
89%
Saint Kitts and Nevis
89%
Democratic Republic of the Congo
89%
Liechtenstein
87%
Luxembourg
87%
Tuvalu
84%
Marshall Islands
82%
Mozambique
80%
Barbados
78%
Libya
78%
Grenada
76%
Jamaica
71%
Delaware
71%
Swaziland
62%
Bolivia
62%
Botswana
56%

Score Distribution

Percentile by Number Answered

Percent of People with Each Score

Your Score History

You have not taken this quiz